Советский Союз: политико-экономический справочник

מידע ביבליוגרפי
מחברים אחרים: Голиков В. А. (составитель)
סיכום:Авт. указаны на обороте тит. л.
שפה:רוסית
יצא לאור: Москва, Политиздат, 1975
נושאים:
פורמט: MixedMaterials ספר
KOHA link:https://koha.lib.tpu.ru/cgi-bin/koha/opac-detail.pl?biblionumber=314411

MARC

LEADER 00000nam0a2200000 4500
001 314411
005 20231102002656.0
020 |a RU  |b 82-64466 
035 |a (RuTPU)RU\TPU\book\339832 
035 |a RU\TPU\book\325452 
090 |a 314411 
100 |a 20160215d1975 km a0rusy5003 ca 
101 0 |a rus 
102 |a RU 
105 |a a g 000zy 
200 1 |a Советский Союз  |e политико-экономический справочник  |f сост. В. А. Голиков 
210 |a Москва  |c Политиздат  |d 1975 
215 |a 432 с.  |c ил. 
300 |a Авт. указаны на обороте тит. л. 
606 1 |a Социалистическое государство  |x Политика  |2 stltpush  |3 (RuTPU)RU\TPU\subj\55652  |9 73660 
610 1 |a справочники 
610 1 |a СССР 
610 1 |a экономическое положение 
610 1 |a наука 
610 1 |a культура 
610 1 |a спорт 
610 1 |a социалистическое общество 
610 1 |a программа мира 
610 1 |a 20 век 
686 |a Ф3(2)12я2  |2 rubbk 
702 1 |a Голиков  |b В. А.  |4 220 
801 0 |a RU  |b RuMRKP  |c 19950704  |g psbo 
801 1 |a RU  |b 63413507  |c 20150708 
801 2 |a RU  |b 63413507  |c 20200527  |g RCR 
942 |c BK